ARRUPE JESUIT UNIVERSITY

CORONAVIRUS -STOP THE SPREAD - CLEAN,DISINFECT,COVER

In praise of Benedict, 480-1980 A.D. / (Record no. 118194)

MARC details
000 -LEADER
fixed length control field 01023cam a2200277 a 4500
001 - CONTROL NUMBER
control field 1560643
003 - CONTROL NUMBER IDENTIFIER
control field ARRUPE
005 - DATE AND TIME OF LATEST TRANSACTION
control field 20131001142955.0
008 - FIXED-LENGTH DATA ELEMENTS--GENERAL INFORMATION
fixed length control field 920720r19941981mau 000 0beng
010 ## - LIBRARY OF CONGRESS CONTROL NUMBER
LC control number 92028534
020 ## - INTERNATIONAL STANDARD BOOK NUMBER
International Standard Book Number 0932506933
040 ## - CATALOGING SOURCE
Original cataloging agency DLC
Transcribing agency DLC
Modifying agency DLC
050 10 - LIBRARY OF CONGRESS CALL NUMBER
Classification number BR1720.B45
Item number H85 1994
082 00 - DEWEY DECIMAL CLASSIFICATION NUMBER
Classification number 271/.102
Edition number 20
300 ## - PHYSICAL DESCRIPTION
Dimensions 22 cm.
100 1# - MAIN ENTRY--PERSONAL NAME
Personal name Hume, Basil,
Dates associated with a name 1923-1999.
9 (RLIN) 1890
245 10 - TITLE STATEMENT
Title In praise of Benedict, 480-1980 A.D. /
Statement of responsibility, etc Basil Hume.
260 ## - PUBLICATION, DISTRIBUTION, ETC. (IMPRINT)
Place of publication, distribution, etc Petersham, Mass. :
Name of publisher, distributor, etc St. Bede's Publications,
Date of publication, distribution, etc [1994?]
300 ## - PHYSICAL DESCRIPTION
Extent 88 p. ;
500 ## - GENERAL NOTE
General note Originally published: London : Hodder and Stoughton, 1981.
600 00 - SUBJECT ADDED ENTRY--PERSONAL NAME
Personal name Benedict,
Titles and other words associated with a name Saint, Abbot of Monte Cassino.
9 (RLIN) 1891
610 20 - SUBJECT ADDED ENTRY--CORPORATE NAME
Corporate name or jurisdiction name as entry element Benedictines.
9 (RLIN) 1892
856 42 - ELECTRONIC LOCATION AND ACCESS
Materials specified Contributor biographical information
Uniform Resource Identifier <a href="http://www.loc.gov/catdir/enhancements/fy0734/92028534-b.html">http://www.loc.gov/catdir/enhancements/fy0734/92028534-b.html</a>
906 ## - LOCAL DATA ELEMENT F, LDF (RLIN)
a 7
b cbc
c orignew
d 1
e ocip
f 19
g y-gencatlg
942 ## - ADDED ENTRY ELEMENTS (KOHA)
Source of classification or shelving scheme Library of Congress Classification
Koha item type Monograph ( Printed materials)
Holdings
Withdrawn status Lost status Source of classification or shelving scheme Damaged status Not for loan Home library Current library Date acquired Total Checkouts Full call number Barcode Date last seen Price effective from Koha item type
    Library of Congress Classification     ARRUPE LIBRARY ARRUPE LIBRARY 01/10/2013   BX4700.B3 H85 1996 46411319 22/11/2017 01/10/2013 Monograph ( Printed materials)

 

Arrupe Library. PO Box MP320 Mt Pleasant, Harare, Zimbabwe
263 242 745411|librarian@aju.ac.zw